00286nam a2200121Ia 4500008004100000041000900041082001700050100001400067245002400081260004200105300000900147650000800156230718s9999 xx 000 0 und d aEng. a395.5bMAH-P aMahmood M 0aPakistan Penal code aPakistanbAl-Qanoon publicationc2014 a1184 aLaw